<?xml version="1.0" encoding="UTF-8"?>
<record
    xmlns:xsi="http://www.w3.org/2001/XMLSchema-instance"
    xsi:schemaLocation="http://www.loc.gov/MARC21/slim http://www.loc.gov/standards/marcxml/schema/MARC21slim.xsd"
    xmlns="http://www.loc.gov/MARC21/slim">

  <leader>00588nam a22001337a 4500</leader>
  <datafield tag="040" ind1=" " ind2=" ">
    <subfield code="c">RUA</subfield>
  </datafield>
  <datafield tag="082" ind1=" " ind2=" ">
    <subfield code="a">LMA PAK 2015 B529 Or.1</subfield>
  </datafield>
  <datafield tag="100" ind1=" " ind2=" ">
    <subfield code="a">PAK KOSAL; &#x1794;&#x17C9;&#x17B6;&#x1780; &#x1780;&#x17BB;&#x179F;&#x179B;</subfield>
  </datafield>
  <datafield tag="245" ind1=" " ind2=" ">
    <subfield code="a">Study on procedure of  real estate transaction in krong dounkeo, takeo province; &#x1780;&#x17B6;&#x179A;&#x179F;&#x17B7;&#x1780;&#x17D2;&#x179F;&#x17B6;&#x17A2;&#x17C6;&#x1796;&#x17B8;&#x1780;&#x17B6;&#x179A;&#x1795;&#x17D2;&#x1791;&#x17C1;&#x179A;&#x179F;&#x17B7;&#x1791;&#x17D2;&#x1792;&#x17B7;&#x179B;&#x17BE;&#x17A2;&#x1785;&#x179B;&#x1793;&#x1791;&#x17D2;&#x179A;&#x1796;&#x17D2;&#x1799;&#x1793;&#x17C5;&#x1780;&#x17D2;&#x1793;&#x17BB;&#x1784;&#x1780;&#x17D2;&#x179A;&#x17BB;&#x1784;&#x178A;&#x17BC;&#x1793;&#x1780;&#x17C2;&#x179C; &#x1781;&#x17C1;&#x178F;&#x17D2;&#x178F;&#x178F;&#x17B6;&#x1780;&#x17C2;&#x179C;</subfield>
  </datafield>
  <datafield tag="260" ind1=" " ind2=" ">
    <subfield code="a">Phnom Penh</subfield>
    <subfield code="b">RUA</subfield>
    <subfield code="c">2015</subfield>
  </datafield>
  <datafield tag="300" ind1=" " ind2=" ">
    <subfield code="a">x; 58p;</subfield>
    <subfield code="b">ill;</subfield>
    <subfield code="c">29cm;</subfield>
  </datafield>
  <datafield tag="856" ind1=" " ind2=" ">
    <subfield code="u">PAK KOSAL</subfield>
  </datafield>
  <datafield tag="942" ind1=" " ind2=" ">
    <subfield code="c">LMA</subfield>
  </datafield>
  <datafield tag="999" ind1=" " ind2=" ">
    <subfield code="c">10823</subfield>
    <subfield code="d">10823</subfield>
  </datafield>
  <datafield tag="952" ind1=" " ind2=" ">
    <subfield code="0">0</subfield>
    <subfield code="1">0</subfield>
    <subfield code="2">ddc</subfield>
    <subfield code="4">0</subfield>
    <subfield code="6">LMA_PAK_2015_000000000000000_B529_OR_1</subfield>
    <subfield code="7">0</subfield>
    <subfield code="9">56577</subfield>
    <subfield code="a">LBB</subfield>
    <subfield code="b">LBB</subfield>
    <subfield code="c">B529</subfield>
    <subfield code="d">2016-11-10</subfield>
    <subfield code="o">LMA PAK 2015 B529 Or.1</subfield>
    <subfield code="p">A03091</subfield>
    <subfield code="r">2017-01-23</subfield>
    <subfield code="w">2016-11-10</subfield>
    <subfield code="y">LMA</subfield>
  </datafield>
  <datafield tag="952" ind1=" " ind2=" ">
    <subfield code="0">0</subfield>
    <subfield code="1">0</subfield>
    <subfield code="2">ddc</subfield>
    <subfield code="4">0</subfield>
    <subfield code="6">LMA_PAK_2015_000000000000000_B529_OR_2</subfield>
    <subfield code="7">0</subfield>
    <subfield code="9">56578</subfield>
    <subfield code="a">LBB</subfield>
    <subfield code="b">LBB</subfield>
    <subfield code="c">B529</subfield>
    <subfield code="d">2016-11-10</subfield>
    <subfield code="l">1</subfield>
    <subfield code="o">LMA PAK 2015 B529 Or.2</subfield>
    <subfield code="p">A03537</subfield>
    <subfield code="r">2022-11-14</subfield>
    <subfield code="s">2022-10-25</subfield>
    <subfield code="w">2016-11-10</subfield>
    <subfield code="y">LMA</subfield>
  </datafield>
  <datafield tag="952" ind1=" " ind2=" ">
    <subfield code="0">0</subfield>
    <subfield code="1">0</subfield>
    <subfield code="2">ddc</subfield>
    <subfield code="4">0</subfield>
    <subfield code="6">LMA_PAK_2015_000000000000000_B529_OR_3</subfield>
    <subfield code="7">0</subfield>
    <subfield code="9">56579</subfield>
    <subfield code="a">LBB</subfield>
    <subfield code="b">LBB</subfield>
    <subfield code="c">B529</subfield>
    <subfield code="d">2016-11-10</subfield>
    <subfield code="l">1</subfield>
    <subfield code="o">LMA PAK 2015 B529 Or.3</subfield>
    <subfield code="p">A03095</subfield>
    <subfield code="r">2025-04-29</subfield>
    <subfield code="s">2025-03-18</subfield>
    <subfield code="w">2016-11-10</subfield>
    <subfield code="y">LMA</subfield>
  </datafield>
  <datafield tag="952" ind1=" " ind2=" ">
    <subfield code="0">0</subfield>
    <subfield code="1">0</subfield>
    <subfield code="2">ddc</subfield>
    <subfield code="4">0</subfield>
    <subfield code="6">LMA_PAK_2015_000000000000000_B529_OR_4</subfield>
    <subfield code="7">0</subfield>
    <subfield code="9">56580</subfield>
    <subfield code="a">LBB</subfield>
    <subfield code="b">LBB</subfield>
    <subfield code="c">B529</subfield>
    <subfield code="d">2016-11-10</subfield>
    <subfield code="o">LMA PAK 2015 B529 Or.4</subfield>
    <subfield code="p">A03242</subfield>
    <subfield code="r">2016-11-10</subfield>
    <subfield code="w">2016-11-10</subfield>
    <subfield code="y">LMA</subfield>
  </datafield>
  <datafield tag="952" ind1=" " ind2=" ">
    <subfield code="0">0</subfield>
    <subfield code="1">0</subfield>
    <subfield code="2">ddc</subfield>
    <subfield code="4">0</subfield>
    <subfield code="6">LMA_PAK_2015_000000000000000_B529_OR_5</subfield>
    <subfield code="7">0</subfield>
    <subfield code="9">56581</subfield>
    <subfield code="a">LBB</subfield>
    <subfield code="b">LBB</subfield>
    <subfield code="c">B529</subfield>
    <subfield code="d">2016-11-10</subfield>
    <subfield code="o">LMA PAK 2015 B529 Or.5</subfield>
    <subfield code="p">A03022</subfield>
    <subfield code="r">2016-11-10</subfield>
    <subfield code="w">2016-11-10</subfield>
    <subfield code="y">LMA</subfield>
  </datafield>
  <datafield tag="952" ind1=" " ind2=" ">
    <subfield code="0">0</subfield>
    <subfield code="1">0</subfield>
    <subfield code="2">ddc</subfield>
    <subfield code="4">0</subfield>
    <subfield code="6">LMA_PAK_2015_000000000000000_B529_OR_6</subfield>
    <subfield code="7">0</subfield>
    <subfield code="9">56582</subfield>
    <subfield code="a">LBB</subfield>
    <subfield code="b">LBB</subfield>
    <subfield code="c">B529</subfield>
    <subfield code="d">2016-11-10</subfield>
    <subfield code="o">LMA PAK 2015 B529 Or.6</subfield>
    <subfield code="p">A03169</subfield>
    <subfield code="r">2016-11-10</subfield>
    <subfield code="w">2016-11-10</subfield>
    <subfield code="y">LMA</subfield>
  </datafield>
  <datafield tag="952" ind1=" " ind2=" ">
    <subfield code="0">0</subfield>
    <subfield code="1">0</subfield>
    <subfield code="2">ddc</subfield>
    <subfield code="4">0</subfield>
    <subfield code="6">LMA_PAK_2015_000000000000000_B529_OR_7</subfield>
    <subfield code="7">0</subfield>
    <subfield code="9">56583</subfield>
    <subfield code="a">LBB</subfield>
    <subfield code="b">LBB</subfield>
    <subfield code="c">B529</subfield>
    <subfield code="d">2016-11-10</subfield>
    <subfield code="o">LMA PAK 2015 B529 Or.7</subfield>
    <subfield code="p">A03203</subfield>
    <subfield code="r">2016-11-10</subfield>
    <subfield code="w">2016-11-10</subfield>
    <subfield code="y">LMA</subfield>
  </datafield>
  <datafield tag="952" ind1=" " ind2=" ">
    <subfield code="0">0</subfield>
    <subfield code="1">0</subfield>
    <subfield code="2">ddc</subfield>
    <subfield code="4">0</subfield>
    <subfield code="6">LMA_PAK_2015_000000000000000_B529_OR_8</subfield>
    <subfield code="7">0</subfield>
    <subfield code="9">56584</subfield>
    <subfield code="a">LBB</subfield>
    <subfield code="b">LBB</subfield>
    <subfield code="c">B529</subfield>
    <subfield code="d">2016-11-10</subfield>
    <subfield code="o">LMA PAK 2015 B529 Or.8</subfield>
    <subfield code="p">A02984</subfield>
    <subfield code="r">2016-11-10</subfield>
    <subfield code="w">2016-11-10</subfield>
    <subfield code="y">LMA</subfield>
  </datafield>
</record>
